Справочник по наладке контрольно-измерительных приборов и систем возбуждения на электростанциях и подстанциях

Podrobná bibliografie
Další autoři: Мусаэлян Э. С. Эрик Суренович (редактор)
Jazyk:ruština
Vydáno: Москва, Энергия, 1974
Témata:
Médium: MixedMaterials Kniha
KOHA link:https://koha.lib.tpu.ru/cgi-bin/koha/opac-detail.pl?biblionumber=185917

MARC

LEADER 00000nam0a2200000 4500
001 185917
005 20231031173157.0
035 |a (RuTPU)RU\TPU\book\201734 
090 |a 185917 
100 |a 20101019d1974 k y0rusy50 ca 
101 0 |a rus 
102 |a RU 
105 |a a g 001zy 
200 1 |a Справочник по наладке контрольно-измерительных приборов и систем возбуждения на электростанциях и подстанциях  |f под ред. Э. С. Мусаэляна 
210 |a Москва  |c Энергия  |d 1974 
215 |a 344 с.  |c ил. 
320 |a Библиогр.: с. 340-343. 
610 1 |a контрольно-измерительные приборы 
610 1 |a контрольно-измерительные системы 
610 1 |a наладка 
610 1 |a электрические машины 
610 1 |a возбуждение 
610 1 |a автоматическое регулирование 
610 1 |a электростанции 
610 1 |a подстанции 
610 1 |a справочники 
675 |a 621.311.002.5-7(035)  |v 3 
702 1 |a Мусаэлян  |b Э. С.  |g Эрик Суренович  |4 340 
801 1 |a RU  |b 63413507  |c 20101019 
801 2 |a RU  |b 63413507  |c 20150605  |g RCR 
942 |c BK